000
00343cam a2200145ua 4500
041
_a
eng
_h
082
_a
828.09
_b
MUL/CR
100
_a
Mullik, B.R.
245
_a
Critical Studies Vol.XVII /
_c
B R Mullik.
_h
Textual Documents
260
_a
:
_b
Chand & Chand ,
_c
1965.
300
_a
40 ; .
504
_a
942
_c
BK
999
_c
3384
_d
3384